BIOPHARMACEUTICS AND PHARMACOKINETICS (Record no. 22941)

MARC details
000 -LEADER
fixed length control field 00391nam a22001697a 4500
003 - CONTROL NUMBER IDENTIFIER
control field SGT
020 ## - INTERNATIONAL STANDARD BOOK NUMBER
International Standard Book Number 8123913079
082 ## - DEWEY DECIMAL CLASSIFICATION NUMBER
Classification number 615.7
Item number B22K
100 ## - MAIN ENTRY--PERSONAL NAME
Personal name KULKARNI, JAYANTS.
245 ## - TITLE STATEMENT
Title BIOPHARMACEUTICS AND PHARMACOKINETICS
250 ## - EDITION STATEMENT
Edition statement 1st
260 ## - PUBLICATION, DISTRIBUTION, ETC. (IMPRINT)
Place of publication, distribution, etc NEW DELHI
Name of publisher, distributor, etc CBS. PUB.
Year of Publication 2022
300 ## - PAGE DESCRIPTION
No. of Pages 301
650 ## - SUBJECT ADDED ENTRY--TOPICAL TERM
Topical term or geographic name as entry element PHARMACOKINETICS
653 ## - KEYWORDS--INDEX TERM
Keyword term BIOPHARMACEUTICS
942 ## - ADDED ENTRY ELEMENTS (KOHA)
Source of classification or shelving scheme Dewey Decimal Classification
Koha item type Books
942 ## - ADDED ENTRY ELEMENTS (KOHA)
-- 3
Holdings
Withdrawn status Lost status Source of classification or shelving scheme Damaged status Not for loan Collection code Home library Current library Shelving location Date acquired Vendor Name Cost, normal purchase price SGTU Bill Number Total Checkouts Full call number Accession No. (Barcode) Date last seen Date last borrowed Bill Date Koha item type
    Dewey Decimal Classification     PHARMACY SGT FA-FP Library SGT FA-FP Library Text Book 27/06/2022 AHUJA PUBLICATION 395.00 SGTU 14474 1 615.7 B22K FP4288 08/05/2025 24/04/2025 19/05/2022 Books
    Dewey Decimal Classification     PHARMACY SGT FA-FP Library SGT FA-FP Library Text Book 27/06/2022 AHUJA PUBLICATION 395.00 SGTU 14474   615.7 B22K FP4289 27/06/2022   19/05/2022 Books
    Dewey Decimal Classification     PHARMACY SGT FA-FP Library SGT FA-FP Library Text Book 27/06/2022 AHUJA PUBLICATION 395.00 SGTU 14474 2 615.7 B22K FP4290 03/05/2024 03/05/2024 19/05/2022 Books
    Dewey Decimal Classification     PHARMACY SGT FA-FP Library SGT FA-FP Library Text Book 27/06/2022 AHUJA PUBLICATION 395.00 SGTU 14474   615.7 B22K FP4291 27/06/2022   19/05/2022 Books
    Dewey Decimal Classification     PHARMACY SGT FA-FP Library SGT FA-FP Library Text Book 27/06/2022 AHUJA PUBLICATION 395.00 SGTU 14474 1 615.7 B22K FP4292 21/04/2023 20/04/2023 19/05/2022 Books